Maklumat di sebalik nombor (151)

Bibliographic Details
Format: Book
Published: Kuala lumpur : Hasratpelajar , 1997
Series:Siri hadi

MARC

LEADER 00000cam a2200000 7i4500
001 0000079882
005 20180703.0
008 180703
020 |a 9830411753 
090 0 0 |a AD   |b MAL 
245 0 0 |a Maklumat di sebalik nombor (151)   |c Disusun oleh Rose Hashim 
260 |a Kuala lumpur :   |b Hasratpelajar ,   |c 1997 
490 1 |a Siri hadi 
999 |a 0000445153   |b Book   |c Children Collection   |e Cawangan Muar 
999 |a 0000445154   |b Book   |c Children Collection   |e Cawangan Pontian 
999 |a 0000769072   |b Book   |c Children Collection   |e Cawangan Bandar Penawar 
999 |a 0000769074   |b Book   |c Children Collection   |e Cawangan Bandar Penawar 
999 |a 0000778154   |b Book   |c Children Collection   |e Cawangan Pontian 
999 |a 0000778155   |b Book   |c Children Collection   |e Cawangan Pontian 
999 |a 0000778156   |b Book   |c Children Collection   |e Cawangan Pontian 
999 |a 0000778157   |b Book   |c Children Collection   |e Cawangan Pontian 
999 |a 0000778158   |b Book   |c Children Collection   |e Cawangan Pontian 
999 |a 0000792456   |b Book   |c Children Collection   |e Cawangan Segamat 
999 |a 0000792457   |b Book   |c Children Collection   |e Cawangan Segamat 
999 |a 0000792458   |b Book   |c Children Collection   |e Cawangan Segamat